| 000 | 01457nam a22003614c 4500 | ||
|---|---|---|---|
| 001 | 197039 | ||
| 003 | ES-MaACL | ||
| 005 | 20250815164348.0 | ||
| 008 | 211225s2021 sp a | |||| 000 0 spa | ||
| 015 | _aMON21 | ||
| 017 |
_aA 308-2021 _bOficina Depósito Legal Alicante |
||
| 020 | _a9788412323696 | ||
| 035 | _a(SpMaBN)a7005421 | ||
| 040 |
_aSpMaBN _bspa _cSpMaBN _erda |
||
| 080 | _a28 | ||
| 100 | 1 |
_aPaz, Carlos, _d1972- _9239854 _eaut |
|
| 245 | 1 | 0 |
_aDescifrando el islam : _bclaves para comprender e interpretar el islam / _cCarlos Paz. |
| 250 | _aSegunda edición: enero de 2023 | ||
| 264 | 1 |
_aGuardamar del Segura (Alicante) : _bEAS Editorial, _c[2021]. |
|
| 300 |
_a223 páginas : _bilustraciones (blanco y negro) ; _c21 cm. |
||
| 336 |
_aTexto _2rdacontent |
||
| 337 |
_asin mediación _2rdamedia |
||
| 338 |
_avolumen _2rdacarrier |
||
| 490 | 1 | _aColección Khronos | |
| 504 | _aBibliografía: páginas 217-223 | ||
| 650 | 7 |
_aIslamismo _2embne _913903 |
|
| 852 |
_aES-MaACL _cDEPOJ _jN-10399 _gDedicatoria autógrafa del autor _hDonación: Carlos Paz _xEncuadernación rústica con solapas _9206521 |
||
| 903 |
_9239854 _aPaz, Carlos, _d1972- _ednr |
||
| 942 |
_cMONOGRAFIA _n0 |
||
| 999 |
_c197039 _d197039 |
||